Los actos del ejecutivo en el derecho colombiano (Registro nro. 13024)

Detalles MARC
000 -LEADER
fixed length control field 00515nam a2200217Ia 4500
003 - CONTROL NUMBER IDENTIFIER
control field OSt
005 - DATE AND TIME OF LATEST TRANSACTION
control field 20231003191346.0
008 - FIXED-LENGTH DATA ELEMENTS--GENERAL INFORMATION
fixed length control field 210310s9999 xx 000 0 und d
020 ## - INTERNATIONAL STANDARD BOOK NUMBER
International Standard Book Number #N/A
040 ## - CATALOGING SOURCE
Original cataloging agency CO-JMCR
Transcribing agency CO-JMCR
082 ## - DEWEY DECIMAL CLASSIFICATION NUMBER
Classification number 342.0662 /
Item number R627a
100 ## - MAIN ENTRY--PERSONAL NAME
Personal name Rodriguez R. Libardo
9 (RLIN) 20400
245 #0 - TITLE STATEMENT
Title Los actos del ejecutivo en el derecho colombiano
260 ## - PUBLICATION, DISTRIBUTION, ETC.
Date of publication, distribution, etc. 1977
300 ## - PHYSICAL DESCRIPTION
Other physical details #N/A
440 ## - SERIES STATEMENT/ADDED ENTRY--TITLE
Title #N/A
9 (RLIN) 29882
500 ## - GENERAL NOTE
General note #N/A
505 ## - FORMATTED CONTENTS NOTE
Formatted contents note #N/A
650 ## - SUBJECT ADDED ENTRY--TOPICAL TERM
Topical term or geographic name entry element #N/A
9 (RLIN) 29883
942 ## - ADDED ENTRY ELEMENTS (KOHA)
Source of classification or shelving scheme Dewey Decimal Classification
Koha item type Books
Existencias
Withdrawn status Lost status Source of classification or shelving scheme Damaged status Not for loan Home library Current library Date acquired Total Checkouts Full call number Barcode Date last seen Date last checked out Copy number Price effective from Koha item type
    Dewey Decimal Classification     Biblioteca Pública José María del Castillo y Rada Biblioteca Pública José María del Castillo y Rada 03/10/2021 1 342.0662 / R627a 201811615 05/16/2024 10/10/2023 Ej.1 03/10/2021 Books